[Event "Titled Tue 3rd Jun Early"]
[Site "chess.com INT"]
[Date "2025.06.03"]
[Round "9"]
[White "Sarana, Alexey"]
[Black "Klukin, Kirill"]
[Result "0-1"]
[WhiteTitle "GM"]
[BlackTitle "IM"]
[WhiteElo "2686"]
[BlackElo "2407"]
[WhiteFideId "24133795"]
[BlackFideId "24199273"]
[EventDate "2025.06.03"]

1. e4 c5 2. Nf3 d6 3. Nc3 g6 4. d4 cxd4 5. Qxd4 Nf6 6. e5 Nc6 7. Qa4 dxe5 8.
Nxe5 Bd7 9. Nxd7 Nxd7 10. Bb5 Bg7 11. O-O O-O 12. Bxc6 bxc6 13. Qxc6 Rc8 14. Qa6
Bxc3 15. bxc3 Qb6 16. Qe2 Rfe8 17. Be3 Qc7 18. Rfd1 Nb6 19. Qa6 Qxc3 20. Qxa7
Nc4 21. Bd4 Qxc2 22. Rac1 Qf5 23. Ba1 Nd6 24. Qd4 f6 25. h3 Qe6 26. a4 Rxc1 27.
Rxc1 Ra8 28. Bc3 Qb3 29. Ra1 Rc8 30. Be1 Rc6 31. a5 Qb5 32. Qe3 Kf7 33. Qa3 Ra6
34. Qa2+ Qc4 35. Qd2 Nf5 36. Rc1 Qe4 37. Qa2+ Qe6 38. Qa4 Qd5 39. Bc3 h5 40. Re1
Qc6 41. Qb3+ Kf8 42. Bb4 Ra7 43. Qd3 Kg7 44. Ra1 Qa6 45. Qe4 Rd7 46. Bc3 e5 47.
Qa4 Rc7 48. Qb4 Rb7 49. Qc5 Rd7 50. Bb4 Rf7 51. Qd5 Nd4 52. Bc5 Ne2+ 53. Kh1 Nf4
54. Qe4 Rc7 55. Be3 Rc4 56. Qf3 Ne6 57. Qd5 Rc7 58. Rb1 Nf4 59. Bxf4 exf4 60.
Kh2 Ra7 61. Rb5 g5 62. Qf5 h4 63. Rd5 Qc6 64. Qd3 Re7 65. a6 Qc7 66. Qf3 Qa7 67.
Ra5 Re6 68. Rb5 Qxa6 69. Rb7+ Kh6 70. Qd5 Qd6 71. Qf5 f3+ 72. Kg1 Re1# 0-1

[Event "Titled Tue 3rd Jun Early"]
[Site "chess.com INT"]
[Date "2025.06.03"]
[Round "9"]
[White "Wagner, Dennis"]
[Black "Skliarov, Viktor"]
[Result "0-1"]
[WhiteTitle "GM"]
[BlackTitle "IM"]
[WhiteElo "2616"]
[BlackElo "2334"]
[WhiteFideId "24650684"]
[BlackFideId "14106736"]
[EventDate "2025.06.03"]

1. e4 c5 2. Nf3 Nc6 3. Bb5 e6 4. O-O Nge7 5. d4 cxd4 6. Nxd4 Qb6 7. Nxc6 dxc6 8.
Bd3 e5 9. Nd2 Ng6 10. Nc4 Qc7 11. a4 Nf4 12. Bxf4 exf4 13. e5 Be6 14. Qf3 g5 15.
Qh5 h6 16. a5 O-O-O 17. Rfd1 Be7 18. h3 Kb8 19. a6 b6 20. b3 Bb4 21. Be4 Bc3 22.
Rxd8+ Rxd8 23. Rb1 Bxe5 24. Qxh6 g4 25. hxg4 Rh8 26. Qg5 f6 27. Qg6 Rg8 28. Qh5
Bxg4 29. Qh6 f3 30. Nxe5 fxe5 31. g3 Bc8 32. Bxc6 Bxa6 33. Bxf3 Qxc2 34. Ra1 Bc8
35. Qf6 Qc7 36. b4 Bb7 37. Bxb7 Kxb7 38. b5 e4 39. Qh4 Re8 40. Re1 e3 41. Qh1+
Kb8 42. Rxe3 Rxe3 43. Qh8+ Kb7 44. fxe3 Qxg3+ 45. Kf1 Qf3+ 46. Kg1 Qxe3+ 47. Kg2
Qe2+ 48. Kg3 Qxb5 49. Qg7+ Ka6 50. Qa1+ Qa5 51. Qf1+ b5 52. Qf6+ Qb6 53. Qa1+
Kb7 54. Qh1+ Qc6 55. Qb1 Kb6 56. Kf2 a5 57. Ke2 b4 58. Qg1+ Qc5 59. Qg6+ Kb5 60.
Qe8+ Qc6 61. Qb8+ Kc4 62. Kd2 Qd5+ 63. Kc1 Qg5+ 64. Kb2 Qd2+ 65. Kb1 Qd3+ 66.
Kb2 Qc3+ 67. Kb1 Qe1+ 68. Kb2 Qe2+ 69. Kb1 Qf1+ 70. Kb2 Qg2+ 71. Kb1 Kb3 0-1

[Event "Titled Tue 3rd Jun Early"]
[Site "chess.com INT"]
[Date "2025.06.03"]
[Round "9"]
[White "Slovineanu, Viacheslav"]
[Black "Iskusnyh, Sergei"]
[Result "1/2-1/2"]
[WhiteTitle "IM"]
[BlackTitle "GM"]
[WhiteElo "2412"]
[BlackElo "2440"]
[WhiteFideId "13900510"]
[BlackFideId "4120027"]
[EventDate "2025.06.03"]

1. d4 d5 2. Nf3 Nf6 3. c4 c6 4. e3 a6 5. Nbd2 Bf5 6. Qb3 Qc7 7. Bd3 Bxd3 8. Qxd3
e6 9. O-O Be7 10. e4 O-O 11. e5 dxc4 12. Nxc4 Nd5 13. Ng5 Bxg5 14. Bxg5 c5 15.
Nd6 cxd4 16. Qxd4 Nc6 17. Qe4 f6 18. Bd2 Nxe5 19. f4 Qb6+ 20. Kh1 Qxd6 21. fxe5
Qxe5 22. Qxe5 fxe5 23. Rfe1 Rf2 24. Rad1 Rd8 25. Kg1 Rf5 26. g4 Rf7 27. Ba5 Rc8
28. Rxe5 Rc6 29. Rde1 Nf4 30. Bd2 Nd3 31. Rxe6 Nxe1 32. Rxe1 Rd7 33. Bc3 Rcd6
34. Kf2 Kf7 35. Kg3 Re6 36. Rf1+ Ke8 37. Rf3 Rde7 38. Kh4 Rh6+ 39. Kg3 Rg6 40.
h4 h5 41. g5 Rge6 42. Rf5 g6 43. Rd5 Re3+ 44. Kf2 Re2+ 45. Kf3 R7e3+ 46. Kf4
Re4+ 47. Kf3 R2e3+ 48. Kf2 Rh3 49. Bf6 Rhxh4 50. Rd8+ Kf7 51. Rd7+ Ke6 52. Rxb7
Rhf4+ 53. Kg3 h4+ 54. Kh3 Re3+ 55. Kg2 h3+ 56. Kg1 Re2 57. Re7+ Kf5 58. Rxe2 Kg4
59. Kh2 Rf3 60. Re4+ Kf5 61. Ra4 Rd3 62. Rxa6 Kg4 63. Ra4+ Kh5 64. b4 Rd2+ 65.
Kxh3 Rxa2 66. Rxa2 1/2-1/2

[Event "Titled Tue 3rd Jun Early"]
[Site "chess.com INT"]
[Date "2025.06.03"]
[Round "9"]
[White "Momunaliev, Ruslan"]
[Black "Ugorek, Kacper"]
[Result "1/2-1/2"]
[WhiteTitle "CM"]
[BlackTitle "CM"]
[WhiteElo "2213"]
[BlackElo "2262"]
[WhiteFideId "13812211"]
[BlackFideId "21890676"]
[EventDate "2025.06.03"]

1. e4 Nf6 2. e5 Nd5 3. d4 d6 4. Nf3 Bg4 5. Be2 Nc6 6. O-O Nb6 7. Be3 dxe5 8.
dxe5 e6 9. Nbd2 Be7 10. h3 Bf5 11. c3 O-O 12. Nb3 h6 13. Nbd4 Nxd4 14. Nxd4 Bh7
15. Bf3 c6 16. Qb3 Qc7 17. Bf4 Nd5 18. Bg3 Rfd8 19. Rad1 Rac8 20. Rfe1 Bc5 21.
Qc4 Qb6 22. Re2 Ne7 23. Red2 Bxd4 24. Rxd4 Rxd4 25. Qxd4 Nd5 26. c4 Qxd4 27.
Rxd4 Nb6 28. b3 Bb1 29. Rd2 Kf8 30. Bf4 Ke8 31. Be3 Rd8 32. Rb2 Bf5 33. Kf1 Nd7
34. Bd4 c5 35. Bc3 b6 36. Ke1 Ke7 37. Rd2 Nb8 38. Rxd8 Kxd8 39. g4 Bb1 40. a3
Bc2 41. Bd1 Bxd1 42. Kxd1 Nc6 43. Kd2 a5 44. Kd3 Ke7 45. f4 f5 46. exf6+ gxf6
47. Ke4 Kf7 48. h4 Kg6 49. h5+ Kf7 50. f5 Ne7 51. fxe6+ Kxe6 52. Bd2 f5+ 53.
gxf5+ Nxf5 54. Bf4 Ng7 55. Bxh6 Nxh5 56. Bg5 Ng3+ 57. Kf3 Nf5 58. Ke4 Nd6+ 59.
Ke3 Nf5+ 60. Ke4 Nd4 61. Bf4 Kd7 62. b4 Nc2 63. bxc5 bxc5 64. a4 Kc6 65. Kd3 Nd4
66. Be3 Nf5 67. Ke4 Nd6+ 68. Kd3 Nc8 69. Bf4 Na7 70. Bd2 Kb6 71. Kc3 Nc6 72. Be3
Nb4 73. Bf2 Kc6 74. Be3 Na2+ 75. Kb3 Nb4 76. Kc3 Kd6 77. Bd2 Kc6 78. Be3 1/2-1/2

[Event "Titled Tue 3rd Jun Early"]
[Site "chess.com INT"]
[Date "2025.06.03"]
[Round "9"]
[White "Galperin, Platon"]
[Black "Bok, Benjamin"]
[Result "1/2-1/2"]
[WhiteTitle "GM"]
[BlackTitle "GM"]
[WhiteElo "2494"]
[BlackElo "2591"]
[WhiteFideId "14165414"]
[BlackFideId "1017063"]
[EventDate "2025.06.03"]

1. c4 c5 2. Nc3 g6 3. g3 Bg7 4. Bg2 Nc6 5. e3 e6 6. b3 Nge7 7. Ba3 Qa5 8. Bb2
O-O 9. Nf3 d5 10. Rb1 Rd8 11. O-O a6 12. a3 b5 13. cxd5 exd5 14. d4 Bf5 15. Rc1
c4 16. Nd2 Rac8 17. Re1 Qb6 18. Ba1 a5 19. bxc4 dxc4 20. a4 Nb4 21. Nxb5 Nd3 22.
Nxc4 Qe6 23. d5 Nxd5 24. e4 Nxe1 25. exd5 Bxa1 26. dxe6 Rxd1 27. Rxd1 Nxg2 28.
Ncd6 Rc2 29. e7 Bd7 30. Rxa1 Re2 31. e8=Q+ Bxe8 32. Nxe8 Ne1 33. Nf6+ Kg7 34.
Nd4 Re7 35. Nd5 Re5 36. Ne3 Nd3 37. Rd1 Nb4 38. Nb3 Nc6 39. Rd5 Re4 40. Nxa5 Ne7
41. Rd7 Kf8 42. Nac4 Re6 43. a5 Nc6 44. Rd6 Rxd6 45. Nxd6 Nxa5 46. Nec4 Nc6 47.
Ne4 h5 48. f4 Ke7 49. Kf2 f6 50. Ke3 Nb4 51. Nc3 Ke6 52. Nb2 Kf5 53. Kf3 Nc6 54.
Ne2 g5 55. Nd3 Ne7 56. Nd4+ Kg6 57. Ke4 h4 58. g4 gxf4 59. Nxf4+ Kg5 60. h3 Nc8
61. Nf3+ Kh6 62. Kf5 Kg7 63. Nxh4 Nd6+ 64. Ke6 Nc4 65. Nf5+ Kh7 66. Kxf6 Nd2 67.
g5 Ne4+ 68. Ke7 Nxg5 69. h4 Nf3 70. h5 Ng5 71. Kf6 Ne4+ 72. Ke5 Nf2 73. Ne6 Ng4+
74. Kf4 Nf6 75. h6 Ng8 76. Kg5 Nxh6 77. Nxh6 1/2-1/2

[Event "Titled Tue 3rd Jun Early"]
[Site "chess.com INT"]
[Date "2025.06.03"]
[Round "9"]
[White "Kalyani Sirin"]
[Black "Haug, Havard"]
[Result "0-1"]
[WhiteTitle "WFM"]
[BlackTitle "FM"]
[WhiteElo "2136"]
[BlackElo "2354"]
[WhiteFideId "33323500"]
[BlackFideId "1547887"]
[EventDate "2025.06.03"]

1. e4 a5 2. d4 Ra6 3. Bxa6 Nxa6 4. Nf3 b6 5. O-O Bb7 6. Re1 e6 7. c4 Bb4 8. Nc3
Bxc3 9. bxc3 Qa8 10. d5 d6 11. e5 dxe5 12. Rxe5 Nf6 13. dxe6 O-O 14. e7 Re8 15.
Bg5 Ne4 16. Bh4 f6 17. Re6 Nac5 18. Rxe4 Bxe4 19. Nd4 Bxg2 20. Qg4 Qe4 21. Qxg2
Qxh4 22. Re1 Qh5 23. Nb5 Nd3 24. Re3 Nf4 25. Qe4 Qg6+ 26. Qxg6 Nxg6 27. Nxc7
Rxe7 28. Nd5 Rb7 29. Re6 Ne5 30. Rxb6 Rd7 31. Rb8+ Kf7 32. Nb6 Rd2 33. c5 Rxa2
34. c6 Nxc6 35. Rb7+ Kg6 36. Nd5 Ne5 37. Nf4+ Kf5 38. Nh5 g5 39. Ng3+ Kf4 40.
Rb6 Nf3+ 41. Kg2 Nh4+ 42. Kh3 f5 43. Rf6 Rxf2 44. Nh5+ Ke5 45. Rf8 Rf3+ 46. Ng3
f4 47. Kg4 fxg3 48. Re8+ Kd6 49. hxg3 Rxc3 50. gxh4 gxh4 51. Kxh4 a4 52. Ra8 a3
53. Kg4 Kc5 54. Kg5 Kc4 55. Kh6 Kb3 56. Rb8+ Kc2 57. Ra8 Kb2 58. Rb8+ Ka1 59.
Kxh7 a2 60. Kg6 Rc2 61. Kf5 Rb2 62. Rh8 Rb5+ 63. Ke4 Kb2 64. Rh2+ Ka3 65. Rh3+
Rb3 66. Rh1 Rb1 67. Rh3+ Rb3 68. Rh1 Rb1 69. Rh3+ Kb4 70. Rh8 Kc5 71. Rc8+ Kd6 0-1

[Event "Titled Tue 3rd Jun Early"]
[Site "chess.com INT"]
[Date "2025.06.03"]
[Round "9"]
[White "Rubes, Jan"]
[Black "Shukhman, Anna"]
[Result "0-1"]
[WhiteTitle "IM"]
[BlackTitle "WGM"]
[WhiteElo "2426"]
[BlackElo "2413"]
[WhiteFideId "338176"]
[BlackFideId "54180058"]
[EventDate "2025.06.03"]

1. d4 d5 2. c4 e5 3. dxe5 Ne7 4. cxd5 Qxd5 5. Nc3 Qxd1+ 6. Nxd1 Nbc6 7. e4 Nd4
8. Bd3 Nec6 9. Nf3 Bb4+ 10. Nc3 Nxf3+ 11. gxf3 Nxe5 12. Be2 Be6 13. Bf4 Ng6 14.
Be3 Bd6 15. Nb5 Be5 16. Nd4 Rd8 17. Nxe6 fxe6 18. Bb5+ c6 19. Bc4 Kf7 20. Bxa7
b5 21. Bb3 Bxb2 22. Rd1 Nf4 23. Be3 Bc3+ 24. Kf1 Rxd1+ 25. Bxd1 g5 26. h4 Rd8
27. Bb3 h6 28. hxg5 hxg5 29. Bxf4 gxf4 30. Rh7+ Bg7 31. Bxe6+ Kxe6 32. Rxg7 Ra8
33. Rg6+ Kd7 34. Rf6 Rxa2 35. Rxf4 b4 36. e5 c5 37. Rc4 Kc6 38. e6 Kd5 39. Re4
Ra8 40. e7 Re8 41. Ke2 Kd6 42. Kd3 Rxe7 43. Rh4 Kc6 44. Kc4 Re6 45. Re4 Rd6 46.
f4 Rf6 47. f3 Kb6 48. f5 Rxf5 49. Re6+ Ka5 50. Rc6 Rf4+ 51. Kxc5 Rxf3 52. Rh6
Rc3+ 53. Kd4 Rc1 54. Rh8 Ka4 55. Ra8+ Kb3 56. Kd3 Rc7 57. Kd2 Kb2 58. Rb8 b3 59.
Ra8 Rd7+ 60. Ke3 Kc2 61. Rc8+ Kb1 62. Rh8 b2 63. Rc8 Ra7 64. Rb8 Ka1 65. Kd2
b1=Q 66. Rxb1+ Kxb1 67. Kc3 Ra3+ 68. Kb4 Rh3 69. Kc4 Kb2 70. Kd4 Rc3 71. Ke4 Kc2 0-1

[Event "Titled Tue 3rd Jun Early"]
[Site "chess.com INT"]
[Date "2025.06.03"]
[Round "9"]
[White "Baules Rodriguez, Jorge Luis"]
[Black "Chen, Yidong"]
[Result "1/2-1/2"]
[WhiteTitle "IM"]
[WhiteElo "2257"]
[BlackElo "2038"]
[WhiteFideId "6600247"]
[BlackFideId "8607028"]
[EventDate "2025.06.03"]

1. e4 c5 2. Nf3 d6 3. d4 cxd4 4. Qxd4 Bd7 5. Nc3 Nc6 6. Qe3 Nf6 7. Bd3 g6 8. b3
Bg7 9. Bb2 O-O 10. O-O-O Rc8 11. Kb1 Qa5 12. a3 Ng4 13. Qd2 Nge5 14. Nd5 Qd8 15.
h4 h5 16. Be2 Be6 17. Nd4 Nxd4 18. Qxd4 Bxd5 19. exd5 Qc7 20. Rc1 Qc5 21. Rhe1
Qxd4 22. Bxd4 a6 23. f4 Nd7 24. Bxg7 Kxg7 25. g4 Nf6 26. gxh5 Nxd5 27. hxg6 Kxg6
28. Bf3 Nxf4 29. Rxe7 b6 30. Bb7 Rce8 31. Rd7 Rd8 32. Rxd8 Rxd8 33. Bxa6 d5 34.
Rf1 Kf5 35. Bb7 d4 36. Re1 d3 37. Be4+ Kf6 38. Bxd3 Nxd3 39. Rd1 Rh8 40. Rxd3
Rxh4 41. Rd6+ Ke5 42. Rxb6 f5 43. Rb8 f4 44. Rf8 Ke4 45. a4 Rh5 46. b4 f3 47. b5
Rf5 48. Re8+ Kd4 49. Re1 Kc4 50. b6 Rf6 51. a5 Kb5 52. b7 Rf8 53. Rf1 Kxa5 54.
Rxf3 Rb8 55. Rf7 Kb4 56. Kb2 Kc4 57. Rc7+ Kb4 58. c3+ Kb5 59. Kb3 Kb6 60. Rh7
Kb5 61. c4+ Kc5 62. Rh5+ Kc6 63. Rh7 Rxb7+ 64. Rxb7 Kxb7 65. Kb4 Kc6 66. Kb3 Kc5
67. Kc3 Kc6 68. Kd4 Kd6 69. c5+ Kc6 70. Kc4 Kc7 71. Kb5 Kb7 72. Ka5 Kc6 73. Kb4
Kc7 74. Kb5 Kb7 75. c6+ Kc7 76. Kc5 Kc8 77. Kd6 Kd8 78. Kd5 Kc7 79. Kc5 Kc8 80.
Kb6 Kb8 81. c7+ Kc8 82. Kc6 1/2-1/2

[Event "Titled Tue 3rd Jun Early"]
[Site "chess.com INT"]
[Date "2025.06.03"]
[Round "9"]
[White "Nagare Kaivalya Sandip"]
[Black "Smirnov, Mark"]
[Result "1-0"]
[WhiteTitle "FM"]
[BlackTitle "FM"]
[WhiteElo "2321"]
[BlackElo "2348"]
[WhiteFideId "25957929"]
[BlackFideId "13764594"]
[EventDate "2025.06.03"]

1. e4 d6 2. d4 Nf6 3. Nc3 e5 4. dxe5 dxe5 5. Qxd8+ Kxd8 6. Bc4 Ke8 7. f4 Nbd7 8.
Nf3 Bd6 9. O-O a6 10. fxe5 Nxe5 11. Nxe5 Bxe5 12. Bf4 Bxf4 13. Rxf4 Be6 14. Bxe6
fxe6 15. e5 Nd7 16. Re1 Rf8 17. Rg4 g6 18. Rh4 h5 19. Ne4 Ke7 20. Nd2 Rf5 21.
Nf3 Raf8 22. Rb4 b5 23. Nd4 Rf4 24. Nc6+ Ke8 25. Rbe4 Rf2 26. R4e2 Rxe2 27. Rxe2
Rf4 28. c3 Rc4 29. Nd4 Ke7 30. h4 b4 31. Re3 bxc3 32. bxc3 Rc5 33. Nf3 Nb6 34.
Nd2 Nd5 35. Rg3 Nxc3 36. Rxg6 Rxe5 37. Rg7+ Kd8 38. Nf3 Rf5 39. Nd4 Rf6 40. Rg5
Rh6 41. Ra5 Nb5 42. Nf3 c6 43. Rxa6 Kc7 44. a4 Nc3 45. a5 Nd5 46. Ne5 Kb7 47.
Rxc6 Rh8 48. a6+ Ka7 49. Rxe6 Nc7 50. Re7 Kb6 51. a7 Ra8 52. Rh7 Rxa7 53. Rxh5
Nd5 54. Nc4+ Kc6 55. Ne5+ Kd6 56. Nf3 Ra2 57. Rg5 Ne3 58. h5 Ra1+ 59. Kf2 Nd5
60. Kg3 Rh1 61. Nh2 Nf6 62. Rf5 Ke6 63. Ra5 Ne4+ 64. Kh3 Nf2+ 65. Kh4 Rxh2+ 66.
Kg3 1-0

[Event "Titled Tue 3rd Jun Early"]
[Site "chess.com INT"]
[Date "2025.06.03"]
[Round "9"]
[White "Zhigalko, Sergei"]
[Black "Gurel, Ediz"]
[Result "1-0"]
[WhiteTitle "GM"]
[BlackTitle "GM"]
[WhiteElo "2572"]
[BlackElo "2636"]
[WhiteFideId "13502956"]
[BlackFideId "44507356"]
[EventDate "2025.06.03"]

1. e4 e5 2. Nf3 Nf6 3. d4 d5 4. Nxe5 Nxe4 5. Bd3 Bd6 6. O-O Nc6 7. Nxc6 bxc6 8.
c4 O-O 9. c5 Be7 10. Nc3 Bf5 11. Qc2 Re8 12. Be3 Bf6 13. Rae1 Bg6 14. Ne2 Qd7
15. Nf4 Re7 16. Nxg6 hxg6 17. Qa4 Ng5 18. Bxg5 Bxg5 19. Rxe7 Bxe7 20. b4 Bf6 21.
b5 Qg4 22. b6 cxb6 23. cxb6 Bxd4 24. b7 Rf8 25. Qxc6 Qf4 26. Qxd5 Bb6 27. g3 Qf6
28. Kg2 Rd8 29. Qe4 Kh7 30. Bc4 Bc7 31. Qf3 Qxf3+ 32. Kxf3 f6 33. Re1 Rd4 34.
Rc1 Be5 35. Rc2 Kh6 36. Ke3 g5 37. Rc1 Rd7 38. Rb1 Bb8 39. Be2 Re7+ 40. Kd3 Rd7+
41. Kc2 Rc7+ 42. Kd1 Rd7+ 43. Ke1 Re7 44. Kf1 f5 45. Bf3 Re6 46. Rc1 Rb6 47. Rc8
Bd6 48. Ra8 g4 49. Bd5 Rb1+ 50. Ke2 Rb2+ 51. Kf1 Rb1+ 52. Kg2 Rb2 53. Rd8 Be5
54. Re8 Bc7 55. Rc8 Be5 56. Kf1 Kg5 57. Re8 Bc7 58. Rc8 Bd6 59. a4 a5 60. Rd8
Bc7 61. Rc8 Be5 62. Ra8 Bc7 63. Kg2 g6 64. Kf1 Kf6 65. Ra6+ Kg5 66. Ra8 Be5 67.
Re8 Bc7 68. Rf8 Bd6 69. Rg8 Kf6 70. Rd8 Bc7 71. Rd7 Be5 72. Rf7+ Kg5 73. Rf8 Bd6
74. Re8 Bc7 75. Bc6 Bd6 76. Bb5 Bc5 77. b8=Q Rxb5 78. Qxb5 1-0

[Event "Titled Tue 3rd Jun Early"]
[Site "chess.com INT"]
[Date "2025.06.03"]
[Round "9"]
[White "Ostensen, Nicolai Maxime"]
[Black "Silva, Luca"]
[Result "1-0"]
[WhiteTitle "FM"]
[BlackTitle "FM"]
[WhiteElo "2283"]
[BlackElo "2227"]
[WhiteFideId "1546970"]
[BlackFideId "147370"]
[EventDate "2025.06.03"]

1. e4 c6 2. d4 d5 3. exd5 cxd5 4. Bd3 Nc6 5. c3 Nf6 6. h3 e5 7. dxe5 Nxe5 8. Nf3
Nxd3+ 9. Qxd3 Bd6 10. O-O O-O 11. Be3 a5 12. Bd4 Ne4 13. Re1 Bf5 14. Nbd2 Re8
15. Nf1 Qd7 16. Ne3 Bg6 17. Qf1 Bh5 18. g4 Bg6 19. Nxd5 Qc6 20. Ne3 Nxc3 21.
Bxc3 Qxf3 22. Rad1 Qc6 23. Qc4 Bc5 24. Qf4 Re4 25. Qg5 h6 26. Rd8+ Kh7 27. Qh4
Rxd8 28. Qxd8 Bxe3 29. fxe3 Re8 30. Qd4 f6 31. Rf1 a4 32. h4 Re4 33. Qd1 Qe6 34.
Rf4 Rxe3 35. h5 Be8 36. Qc2+ Kh8 37. Qf5 Qd6 38. Kf2 Re7 39. Bb4 Qb6+ 40. Qc5
Qxc5+ 41. Bxc5 Rc7 42. Ba3 Rc2+ 43. Kg3 Bc6 44. Rd4 Rg2+ 45. Kh3 Re2 46. Kg3 Kg8
47. Kf4 Kf7 48. Kg3 Ke6 49. Rd6+ Ke5 50. Rd8 Rg2+ 51. Kh3 Rg1 52. Bf8 Kf4 53.
Rd4+ Ke3 54. Rd6 Rh1+ 55. Kg3 Rg1+ 56. Kh2 Rg2+ 57. Kh3 Rc2 58. Bxg7 Bg2+ 59.
Kg3 Be4 60. Bxh6+ Ke2 61. Re6 Kd3 62. Rxf6 Rg2+ 63. Kh4 Rxb2 64. a3 Rb3 65. Bf8
b5 66. Bb4 Ke2 67. g5 Bg2 68. g6 Rh3+ 69. Kg5 Rg3+ 70. Kh6 Be4 71. Re6 Kd3 72.
g7 Bd5 73. Rd6 Kc4 74. Kh7 Bf7 75. h6 Rh3 76. Rf6 Bd5 77. g8=Q Bxg8+ 78. Kxg8
Rg3+ 79. Kh8 Rd3 80. h7 Rd8+ 81. Kg7 1-0

[Event "Titled Tue 3rd Jun Early"]
[Site "chess.com INT"]
[Date "2025.06.03"]
[Round "9"]
[White "Chiang, Jacob"]
[Black "Khoo-Thwe, Louis"]
[Result "1-0"]
[BlackTitle "CM"]
[WhiteElo "2006"]
[BlackElo "2214"]
[WhiteFideId "30962331"]
[BlackFideId "1538756"]
[EventDate "2025.06.03"]

1. c4 e5 2. Nf3 Nc6 3. Nc3 Nf6 4. a3 e4 5. Ng5 Qe7 6. b4 h6 7. Nh3 Ne5 8. e3 d6
9. Nf4 Bg4 10. Qc2 Ned7 11. Nfd5 Qd8 12. Nxe4 Nxd5 13. cxd5 Be7 14. Bb2 O-O 15.
f3 Bf5 16. Bd3 Ne5 17. Nf6+ Bxf6 18. Bxf5 g6 19. Be4 Bg7 20. d4 Nd7 21. O-O Re8
22. Qf2 Qg5 23. f4 Qe7 24. Bf3 Qxe3 25. Rae1 Qxf2+ 26. Kxf2 Nb6 27. Rc1 Re7 28.
Rc2 f5 29. Rfc1 Rc8 30. g3 Kf7 31. Ba1 g5 32. a4 Nxa4 33. Ra2 b5 34. Bh5+ Kf8
35. Be2 a6 36. Rc6 Ra8 37. Rac2 Ra7 38. Bd3 Nb6 39. Bxf5 Nxd5 40. fxg5 Nxb4 41.
gxh6 Bxh6 42. d5 Nxc6 43. dxc6 a5 44. Bd4 Ra6 45. g4 Bg7 46. Be3 a4 47. Bc8 Ra8
48. Bb7 Rae8 49. Bg5 Re5 50. h4 a3 51. Kg3 b4 52. Rf2+ Kg8 53. Ba6 b3 54. Bc4+
d5 55. Bxb3 Rb8 56. Rf3 Re2 57. Bxd5+ Kh7 58. Rxa3 Be5+ 59. Bf4 Bxf4+ 60. Kxf4
Rf8+ 61. Kg3 Re5 62. Rf3 Rb8 63. Rf7+ Kg6 64. h5+ Kh6 65. Rd7 Rb4 66. Bf3 Rg5
67. Rxc7 Rg7 68. Rxg7 Kxg7 69. g5 Rc4 70. h6+ Kg6 71. Bd5 Rc3+ 72. Kf4 Rc1 73.
Be4+ Kf7 74. h7 Kg7 75. g6 Rc5 76. Ke3 Rc4 77. Kd3 Rc5 78. Kd4 Rc1 79. Kd5 Rd1+
80. Ke6 Re1 81. Ke5 Rc1 82. Kd6 Rd1+ 83. Bd5 Rg1 84. c7 Rxg6+ 85. Be6 1-0

[Event "Titled Tue 3rd Jun Early"]
[Site "chess.com INT"]
[Date "2025.06.03"]
[Round "9"]
[White "Weetik, Vjacheslav"]
[Black "Madhesh Kumar S"]
[Result "1/2-1/2"]
[WhiteTitle "FM"]
[BlackTitle "CM"]
[WhiteElo "2423"]
[BlackElo "2243"]
[WhiteFideId "4153472"]
[BlackFideId "25168649"]
[EventDate "2025.06.03"]

1. d4 Nf6 2. c4 g6 3. Nc3 d5 4. cxd5 Nxd5 5. e4 Nxc3 6. bxc3 Bg7 7. Nf3 c5 8.
Bb5+ Nc6 9. O-O cxd4 10. cxd4 O-O 11. Bxc6 bxc6 12. Qc2 Bg4 13. Ne5 Qxd4 14. Bb2
Qb6 15. Rab1 Bxe5 16. Bxe5 Qa5 17. Bc3 Qc5 18. Kh1 Rab8 19. Rbc1 Rfd8 20. f4 Qc4
21. f5 Qe2 22. h3 Qxc2 23. Rxc2 Bd1 24. Rcf2 f6 25. e5 gxf5 26. Rxf5 Bc2 27.
R5f3 f5 28. e6 Rd3 29. Be5 Rb1 30. Rxf5 Rxf1+ 31. Rxf1 Re3 32. Bd4 Rxe6 33. Bxa7
Re2 34. Rf2 Rxf2 35. Bxf2 Kf7 36. Bc5 e5 37. Kg1 Ke6 38. Kf2 Kd5 39. Bf8 c5 40.
Ke3 c4 41. g4 Bg6 42. Bb4 Kc6 43. a4 Bc2 44. a5 Kb5 45. Bc3 Bg6 46. h4 Bd3 47.
h5 Bc2 48. g5 Bd3 49. Kf3 Bf5 50. Kg3 Ka6 51. Kh4 Bd3 52. Kg3 Kb5 53. Kf3 Bf5
54. Ke3 Ka6 55. Kd2 Kb5 56. Kc1 Ka6 57. Kb2 Kb5 58. Ka3 Bd3 59. Bd2 Be4 60. Bc3
Bd3 61. Kb2 Bf5 62. Kc1 Ka6 63. Kd2 Bd3 64. Ke3 Kb5 65. Bxe5 Kxa5 66. Kf4 Kb4
67. Ke3 Bf5 68. Kf4 Bb1 69. Bf6 c3 70. Ke3 Kb3 71. g6 hxg6 72. h6 g5 73. Bxg5
Bh7 74. Kd4 Kb2 75. Ke5 c2 76. Kf6 c1=Q 77. Bxc1+ Kxc1 78. Kg7 Bc2 79. Kf6 Bb1
80. Kg7 Bc2 81. h7 Bxh7 1/2-1/2

[Event "Titled Tue 3rd Jun Early"]
[Site "chess.com INT"]
[Date "2025.06.03"]
[Round "9"]
[White "Zhakshylykov, Erzhan"]
[Black "Lortkipanidze, Nodar"]
[Result "1-0"]
[WhiteTitle "IM"]
[BlackTitle "IM"]
[WhiteElo "2362"]
[BlackElo "2359"]
[WhiteFideId "13804111"]
[BlackFideId "13604058"]
[EventDate "2025.06.03"]

1. c4 e6 2. Nf3 b6 3. g3 Bb7 4. Bg2 f5 5. d4 Nf6 6. O-O a5 7. Nc3 Bb4 8. Bd2 Na6
9. a3 Bxc3 10. Bxc3 Ne4 11. Qc2 Nxc3 12. Qxc3 O-O 13. b4 axb4 14. axb4 Qe7 15.
c5 bxc5 16. dxc5 Bd5 17. Ne5 c6 18. Nc4 Bxc4 19. Qxc4 Nc7 20. Rxa8 Rxa8 21. Rd1
Nd5 22. e4 fxe4 23. Bxe4 Rb8 24. Bxd5 exd5 25. Qf4 Rf8 26. Qd4 Qe2 27. Rd2 Qe1+
28. Kg2 Rb8 29. Qf4 Re8 30. b5 Re4 31. Qb8+ Kf7 32. Rd3 Qb1 33. Rf3+ Kg6 34.
Qd6+ Re6 35. Qxd7 Qe4 36. Qf7+ Kh6 37. Qf5 cxb5 38. Qxe4 dxe4 39. Rb3 g6 40.
Rxb5 e3 41. Rb1 e2 42. Re1 Re4 43. Kf3 Rc4 44. Rxe2 Rxc5 45. h4 Rc7 46. Kg4 Kg7
47. f4 Rb7 48. h5 Ra7 49. hxg6 hxg6 50. Kg5 Ra5+ 51. Re5 Ra7 52. g4 Kf7 53. Rc5
Kg7 54. Rd5 Kf7 55. Kh6 Ra4 56. Kg5 Ra7 57. Re5 Kg7 58. Re6 Ra5+ 59. f5 gxf5 60.
gxf5 Kf7 61. Rh6 Ra1 62. Rh7+ Kg8 63. Rb7 Ra6 64. Re7 Rb6 65. Re6 Rb1 66. Kf6
Rc1 67. Re8+ Kh7 68. Kf7 Rf1 69. f6 Rf2 70. Ke7 Re2+ 71. Kf8 Rf2 72. f7 Kg6 73.
Re6+ Kh7 74. Re1 Kg6 75. Ke8 Kg7 76. Rg1+ Kh7 77. f8=Q Rg2 78. Rh1+ Rh2 79.
Rxh2+ Kg6 80. Rg2+ Kh5 81. Qh8# 1-0

[Event "Titled Tue 3rd Jun Early"]
[Site "chess.com INT"]
[Date "2025.06.03"]
[Round "9"]
[White "Oleksiyenko, Mykhaylo"]
[Black "Materia, Marco"]
[Result "0-1"]
[WhiteTitle "GM"]
[BlackTitle "IM"]
[WhiteElo "2569"]
[BlackElo "2489"]
[WhiteFideId "4152417"]
[BlackFideId "45150451"]
[EventDate "2025.06.03"]

1. e4 c6 2. Nf3 d5 3. Nc3 dxe4 4. Nxe4 Nf6 5. Nxf6+ exf6 6. Bc4 Bd6 7. Qe2+ Be7
8. O-O O-O 9. d4 Bg4 10. c3 Nd7 11. Re1 Bd6 12. h3 Bh5 13. g4 Bg6 14. Nh4 Re8
15. Qxe8+ Qxe8 16. Rxe8+ Rxe8 17. Bd2 Nb6 18. Bb3 Bd3 19. Nf5 Bf8 20. Ne3 g6 21.
a4 a5 22. c4 Bh6 23. Bxa5 Bxe3 24. Bxb6 Bf4 25. d5 cxd5 26. cxd5 Re4 27. a5 Rb4
28. Ra3 Bd6 29. Bd1 Bc4 30. Bf3 Rxb2 31. Ra1 Rb5 32. Rc1 Bxd5 33. Rc8+ Kg7 34.
Bxd5 Rxd5 35. Rd8 Rd2 36. Bc7 Bf4 37. Kg2 Rxd8 38. Bxd8 Bd2 39. Kf3 Kf8 40. Ke4
Ke8 41. Bb6 Kd7 42. Kd5 Bc3 43. f3 f5 44. gxf5 gxf5 45. Kc5 Ke6 46. Bc7 Kd7 47.
Bb6 Bd2 48. Kd5 f4 49. Kc4 Kc6 50. Bd8 Be1 51. Bb6 Bh4 52. Kb4 Be7+ 53. Kc4 Bd6
54. Bd8 Bc5 55. Bf6 Be3 56. Bc3 Bc5 57. Bd2 Bd6 58. Bc3 h5 59. Bd2 Bc7 60. Bc3
Kd6 61. Bd2 Ke5 62. Bc3+ Kf5 63. Kc5 Ke6 64. Bd2 Ke5 65. Bc3+ Kf5 66. Bd2 Kg5
67. Be1 Bxa5 68. Bxa5 Kh4 69. Kd5 Kxh3 70. Ke4 Kg2 71. Be1 Kf1 72. Bh4 Ke2 73.
Be7 b5 74. Kxf4 Kd3 75. Kg5 Ke3 76. f4 h4 77. Bc5+ Ke4 78. Kxh4 Kxf4 79. Kh3 Kf3
80. Kh4 f5 81. Kg5 Ke4 82. Bd6 Kd5 83. Bb4 Kc4 84. Bd6 Kd5 85. Bb4 Ke5 86. Bc3+
Ke4 87. Bb4 f4 88. Kg4 f3 89. Bc5 b4 90. Kg3 b3 91. Ba3 Ke3 92. Bc1+ Ke2 0-1